000 00554nam a2200229Ia 4500
003 OSt
005 20220912144338.0
006 a|||||r|||| 00| 0
007 ta
008 220909b |||||||| |||| 00| 0 eng d
020 _aSL0701117
024 _a196028
037 _cTextual
040 _aCSL
_beng
_cCSL
041 _aeng
082 _aL216:4, M1;4
100 _awillams robert
245 0 _atextbook of endocrinology
700 _awillams robert
942 _hL216:4, M1;4
_cTEXL
_2CC
999 _c5560
_d5560